The German Chambers of Commerce and Industry (Record no. 25999)
[ view plain ]
| 000 -LEADER | |
|---|---|
| fixed length control field | 00668nam a2200121Ia 4500 |
| 008 - FIXED-LENGTH DATA ELEMENTS--GENERAL INFORMATION | |
| fixed length control field | 220620s9999||||xx |||||||||||||| ||und|| |
| 245 #4 - TITLE STATEMENT | |
| Title | The German Chambers of Commerce and Industry |
| Remainder of title | Self-governance, Service, the General Representation of Interests and the Dual System of Professional Education |
| 546 ## - LANGUAGE NOTE | |
| Language note | English[eng] |
| 650 ## - SUBJECT ADDED ENTRY--TOPICAL TERM | |
| Topical term or geographic name entry element | Corporate Social Responsibility||Corporate citizenship||Wise decision making||Professional education||Intermediary organizations||Entrepreneurship||Sustainability||German economy |
| 700 ## - ADDED ENTRY--PERSONAL NAME | |
| Personal name | Sasse, Eberhard||Habisch, Andre |
| 856 ## - ELECTRONIC LOCATION AND ACCESS | |
| Uniform Resource Identifier | <a href="https://library.oapen.org/bitstream/20.500.12657/50410/1/978-3-030-70799-6.pdf">https://library.oapen.org/bitstream/20.500.12657/50410/1/978-3-030-70799-6.pdf</a> |
| 942 ## - ADDED ENTRY ELEMENTS (KOHA) | |
| Koha item type | E-Books |
| Withdrawn status | Lost status | Damaged status | Not for loan | Home library | Current library | Date acquired | Total Checkouts | Date last seen | Price effective from | Koha item type |
|---|---|---|---|---|---|---|---|---|---|---|
| Kerala University of Digital Sciences, Innovation and Technology Knowledge Centre | Kerala University of Digital Sciences, Innovation and Technology Knowledge Centre | 20/06/2022 | 20/06/2022 | 20/06/2022 | E-Books |